000 00724na a2200253 4500
001 16889
003 MIRAKIL
005 20181213154953.0
008 161017b tu 000 0
035 _a16889
040 _aMilas
_btur
_cTR-AnCHP
041 _atur
082 _a352.0956421
_bM39 2016
090 _a352.0956421 M39 2016
110 _aMezitli Belediyesi
245 _aMezitli Belediyesi kadın üretici pazarı
_cMezitli Belediyesi
260 _aMersin
_bMezitli Kent Konseyi
_c2016
300 _a44 s.
_bfotğ.
_c21x30 sm.
504 _aKaynakça var.
650 _aMersin
_xMezitli
_yTanıtım
650 _aYerel yönetimler
_xHizmetler
650 _aÜretici pazarları
_xKadınlar
942 _2ddc
_cBKS
999 _c4111
_d4111